Análisis multivariante : métodos estadísticos multivariantes para la investiagación /

Contenido: 1) Conceptos básicos; 2) Componentes principales y análisis factorial; 3) Análisis de conglomerados; 4) Escalamiento multidimensional; 5) Escalamiento multidimensional; 6) Análisis discriminante; 7) Regresión logística binaria; 8) ANOVA de un solo factor; 9) MANOVA de un solo factor; 10)...

Ful tanımlama

Kaydedildi:
Detaylı Bibliyografya
Yazar: Véliz Capuñay, Carlos (autor)
Materyal Türü: Kitap
Dil:İspanyolca
Baskı/Yayın Bilgisi: México : Cengage Learning, 2017, c2017
Konular:
Etiketler: Etiketle
Etiket eklenmemiş, İlk siz ekleyin!

MARC

LEADER 00000nam^a2200000^a^4500
001 000406081
005 20250521000000.0
009 20260310121849.068
020 |a 978-987-3889-19-6 
037 |a Acervo ITESO - Biblioteca 
041 |a ESP 
082 |a 519. 5  |b VEL 
100 |a Véliz Capuñay, Carlos  |e (autor) 
245 1 0 |a Análisis multivariante :  |b métodos estadísticos multivariantes para la investiagación /  |c C. Véliz Capuñay. 
264 4 |a México :  |b Cengage Learning,  |c 2017, c2017 
300 |a XII, 196 p. 
336 |a texto  |b txt  |2 rdacontenido 
337 |a sin mediación  |b n  |2 rdamedio 
338 |a volumen  |b nc  |2 rdasoporte 
520 |a Contenido: 1) Conceptos básicos; 2) Componentes principales y análisis factorial; 3) Análisis de conglomerados; 4) Escalamiento multidimensional; 5) Escalamiento multidimensional; 6) Análisis discriminante; 7) Regresión logística binaria; 8) ANOVA de un solo factor; 9) MANOVA de un solo factor; 10) Modelos de ecuaciones estructurales; 11) Clases latentes. 
521 |a 2020 BO Licenciatura en Ingeniería y Ciencia de Datos 
649 |a XX 
650 |a Análisis Estadístico -  |x Tema Principal 
650 |a Estadística 
650 |a Matemáticas 
910 |a Fondo General 
920 |a Impresos - Libros 
930 |a Colección General 
905 |a 101 
901 |a 0500310385  |b IT1  |c ACC  |i D101984  |u 20250521 
901 |a 0500353022  |b IT1  |c ACC  |i C174940  |u 20250521 
902 |a https://opac.biblio.iteso.mx/vufind/Record/000406081